00859nam a22002417a 45000010005000000030006000050050017000110080041000280200018000690400029000870500008001160820009001241000029001332450077001622600036002393000043002755050008003185200176003265210020005025210020005226500041005427000034005833747FISKH20250303104248.0240429b cb ||||| |||| 00| 0 eng d a9780545342346 aFISKHbengcFISKHdFISKH a822 aFic  aRanberg, Chuck eauthor  aConfessions of a gym-class dropout / cby Chuck Ranberg and Patric Daley aNew York : bScholastic ;c1992 a38 pages : billustrations ; c20 cm.  aH  aTravis is sick of the gym teacher making fun of him and decides to get in shape by working out. He soon realizes that there is more to getting in shape than joining a gym.8 a440 bLexile 8 aH bRaz-Plus  aAfrican Americanvrealistic fiction  aDaley, Patrick eillustrator